| 000 | 00560nam a22001577a 4500 | ||
|---|---|---|---|
| 020 | _qHard Cover. | ||
| 082 | _a330 | ||
| 100 | _aHussain, Anam | ||
| 245 |
_aAN EMPIRICAL INVESTIGATION INTO THE DETERMINANTS OF DEMAND FOR EXTERNAL BORROWING IN SELECTED ASIAN COUNTRIES _cAnam Hussain. |
||
| 260 |
_aIslamabad: _bNBS - NUST, _c2014. |
||
| 650 |
_aMs Thesis _918721 |
||
| 700 |
_aDr. Ashfaque Hussain Khan. _918722 |
||
| 856 | _uhttp://10.250.8.41:8080/xmlui/handle/123456789/30451 | ||
| 942 |
_2ddc _cTHE |
||
| 999 |
_c527448 _d527448 |
||